01761nam a2200373 a 4500001001200000003000800012006001900020007001500039008004100054010001700095020002500112020002400137040002100161035002100182043001200203050002500215082002000240245027800260250001200538260005800550300001600608504004100624505009100665533015200756651004100908655002900949700005200978700002401030700002001054710007301074710009701147710001701244856012601261ebr10286201CaPaEBRm u cr cn|||||||||090126s2009 dcu sb 000 0 eng d z 2009003377 z9780309121750 (pbk.) z9780309121767 (pdf) aCaPaEBRcCaPaEBR a(OCoLC)567829932 an-us---14aHA37.U55bP75 2009eb04a352.7/5097322200aPrinciples and practices for a federal statistical agencyh[electronic resource] /cConstance F. Citro, Margaret E. Martin, and Miron L. Straf, editors. ; Committee on National Statistics, Division of Behavioral and Social Sciences and Education, National Research Council. a4th ed. aWashington, D.C. :bNational Academies Press,cc2009. axii, 122 p. aIncludes bibliographical references.0 apt. 1. Principles and practices for a federal statistical agency -- pt. 2. Commentary. aElectronic reproduction.bPalo Alto, Calif. :cebrary,d2013.nAvailable via World Wide Web.nAccess may be limited to ebrary affiliated libraries. 0aUnited StatesxStatistical services. 7aElectronic books.2local1 aCitro, Constance F.q(Constance Forbes),d1942-1 aMartin, Margaret E.1 aStraf, Miron L.2 aNational Research Council (U.S.).bCommittee on National Statistics.2 aNational Research Council (U.S.).bDivision of Behavioral and Social Sciences and Education.2 aebrary, Inc.40uhttp://site.ebrary.com/lib/rucke/Doc?id=10286201zAn electronic book accessible through the World Wide Web; click to view